[Event "ESP-ch U14 rapid"]
[Site "Salobrena"]
[Date "2023.07.23"]
[Round "8"]
[White "Palomo Monserrat, Lorenzo"]
[Black "Garcia Gonzalez, Angela"]
[Result "1-0"]
[WhiteElo "1787"]
[BlackElo "1299"]
[PlyCount "69"]
[EventDate "2023.07.22"]
[EventType "swiss (rapid)"]
[EventRounds "9"]
[EventCountry "ESP"]
[SourceTitle "EXT 2024"]
[Source "ChessBase"]
[SourceDate "2023.10.10"]
[SourceVersion "1"]
[SourceVersionDate "2023.10.10"]
[SourceQuality "1"]

1. d4 d5 2. c4 e6 3. Nc3 c6 4. cxd5 cxd5 5. Bf4 Bd6 6. Bxd6 Qxd6 7. e3 Nc6 8. Bd3 Nf6 9. f4 0-0 10. Nf3 Ng4 11. Bxh7+ Kxh7 12. Ng5+ Kg8 13. Qxg4 f6 14. Nf3 e5 15. dxe5 Bxg4 16. exd6 Rad8 17. Nxd5 Rxd6 18. e4 Bxf3 19. gxf3 Nd4 20. Kf2 f5 21. Rad1 Nb5 22. a4 fxe4 23. axb5 Rfd8 24. fxe4 Kf7 25. Ne3 Rd2+ 26. Kf3 R8d3 27. Rxd2 Rxd2 28. Rd1 Rxh2 29. Rd7+ Kg6 30. f5+ Kh7 31. f6 Rh3+ 32. Kf4 Rh4+ 33. Ke5 Rh5+ 34. Nf5 Kh8 35. f7 1-0

[Event "ESP-ch U14"]
[Site "Salobrena"]
[Date "2023.07.17"]
[Round "1"]
[White "Garcia Gonzalez, Angela"]
[Black "Jimenez Freniche, David"]
[Result "0-1"]
[WhiteElo "1346"]
[BlackElo "1786"]
[PlyCount "72"]
[EventDate "2023.07.17"]
[EventType "swiss"]
[EventRounds "9"]
[EventCountry "ESP"]
[SourceTitle "EXT 2024"]
[Source "ChessBase"]
[SourceDate "2023.10.10"]
[SourceVersion "1"]
[SourceVersionDate "2023.10.10"]
[SourceQuality "1"]

1. e4 e6 2. d4 d5 3. e5 c5 4. c3 Nc6 5. Nf3 Qb6 6. Bd3 cxd4 7. 0-0 Bd7 8. Re1 dxc3 9. Nxc3 a6 10. a3 Bc5 11. Be3 d4 12. Na4 dxe3 13. Nxb6 exf2+ 14. Kf1 fxe1Q+ 15. Qxe1 Bxb6 16. Qe4 Nge7 17. g4 Ng6 18. h4 Bc7 19. Rc1 0-0-0 20. h5 Nge7 21. Qe2 Kb8 22. Bxa6 bxa6 23. Qxa6 Bc8 24. Qb5+ Bb7 25. a4 Rd5 26. Rc5 Rhd8 27. b4 Rd1+ 28. Kf2 Rb1 29. Rc4 Rd5 30. Rc5 Rxb4 31. Rxd5 Nxd5 32. Qd3 Nxe5 33. Nxe5 Rb2+ 34. Ke1 Bxe5 35. Qxh7 Ne3 36. Qg8+ Bc8 0-1

[Event "ESP-ch U14 Rapid"]
[Site "Salobrena"]
[Date "2022.07.23"]
[Round "4"]
[White "Garcia Gonzalez, Angela"]
[Black "Ortega Herrera, Paris Francisco"]
[Result "0-1"]
[WhiteElo "1126"]
[BlackElo "1436"]
[PlyCount "100"]
[EventDate "2022.07.23"]
[EventType "swiss (rapid)"]
[EventRounds "9"]
[EventCountry "ESP"]
[SourceTitle "EXT 2023"]
[Source "ChessBase"]
[SourceDate "2022.10.05"]
[SourceVersion "1"]
[SourceVersionDate "2022.10.05"]
[SourceQuality "1"]

1. e4 e5 2. Nf3 Nc6 3. d4 exd4 4. Bc4 Be7 5. c3 d6 6. cxd4 Nf6 7. Nc3 0-0 8. 0-0 Bg4 9. h3 Bh5 10. e5 dxe5 11. dxe5 Qxd1 12. Rxd1 Bxf3 13. gxf3 Nxe5 14. Be2 Rad8 15. Bf4 Bd6 16. Be3 a6 17. f4 Ng6 18. f5 Nh4 19. Bd3 Nf3+ 20. Kg2 Ne5 21. Be2 Rfe8 22. Bg5 Be7 23. f4 Nc6 24. Bf3 h6 25. Bh4 Rxd1 26. Rxd1 Rd8 27. Bxc6 Rxd1 28. Nxd1 bxc6 29. Ne3 Kf8 30. Kf2 Nd5 31. Bxe7+ Kxe7 32. Kf3 Nxe3 33. Kxe3 c5 34. Ke4 Kd6 35. b3 c6 36. h4 h5 37. Kd3 Kd5 38. a3 a5 39. a4 f6 40. Kc3 Ke4 41. Kc4 Kxf4 42. Kxc5 Kxf5 43. Kb6 g5 44. hxg5 fxg5 45. Kxa5 g4 46. Kb4 g3 47. a5 g2 48. a6 g1Q 49. Ka5 Qa7 50. b4 h4 0-1